Efeect of growing media on growth on dendrobium sp. At royal university of agriculture,(ឥទ្ធិពលរបស់វត្ថុធាតុដើមដំាទៅលើការលូតលាស់របស់ផ្កាអ័រគីដេប្រភេទ Dendrobium sp. នៅសាកលវិទ្យាល័យភូមិន្ទកសិកម្ម) (Record no. 1135)

000 -LEADER
fixed length control field 00746nam a22001577a 4500
003 - CONTROL NUMBER IDENTIFIER
control field OSt
005 - DATE AND TIME OF LATEST TRANSACTION
control field 20150923144419.0
008 - FIXED-LENGTH DATA ELEMENTS--GENERAL INFORMATION
fixed length control field 150923b xxu||||| |||| 00| 0 eng d
040 ## - CATALOGING SOURCE
Transcribing agency RUA
082 ## - DEWEY DECIMAL CLASSIFICATION NUMBER
Classification number AGR SIN 2007 SIN B048 Or.1
100 ## - MAIN ENTRY--PERSONAL NAME
9 (RLIN) 1192
Personal name SIN BOPHACHEAT
245 ## - TITLE STATEMENT
Title Efeect of growing media on growth on dendrobium sp. At royal university of agriculture,(ឥទ្ធិពលរបស់វត្ថុធាតុដើមដំាទៅលើការលូតលាស់របស់ផ្កាអ័រគីដេប្រភេទ Dendrobium sp. នៅសាកលវិទ្យាល័យភូមិន្ទកសិកម្ម)
260 ## - PUBLICATION, DISTRIBUTION, ETC. (IMPRINT)
Place of publication, distribution, etc. phnom penh
Name of publisher, distributor, etc. RUA
Date of publication, distribution, etc. 2007
300 ## - PHYSICAL DESCRIPTION
Extent xv, 61p.
Dimensions ill.
Size of unit 29cm.
942 ## - ADDED ENTRY ELEMENTS (KOHA)
Source of classification or shelving scheme
Koha item type AGR
Holdings
Price effective from Date last seen Permanent Location Not for loan Date acquired Source of classification or shelving scheme Koha item type Lost status Withdrawn status Date last checked out Total Checkouts Shelving location Damaged status Barcode Current Location Full call number
2015-09-232023-12-01Library Block B 2015-09-23 AGR  2023-10-275B048 RUA002147Library Block BAGR SIN 2007 B048 Or.1
2015-09-232023-08-07Library Block B 2015-09-23 AGR  2023-08-012B048 RUA002219Library Block BAGR SIN 2007B048 Or.2
មជ្ឈមណ្ឌលឯការនៃសាកលវិទ្យាល័យភូមិន្ទកសិកម្មចំការដូង

Powered by Koha